00399nam a2200145Ia 4500008004100000020001800041082001300059100001600072245007500088250000800163260003100171300001200202500002400214650001500238230524s9999 xx 000 0 und d a9780333937969 a4.6bCHA aPrem Chadha 0aPerformance Management : (It is About Performing- Not Just Appraising) aIST aNEW DELHIbMacmillanc2009 aVII;601 aQuantity Number: 5 aManagement